000 00696nam a2200277Ia 4500
005 20260324115248.0
008 008 260324s9999 xx 000 0 eng d
020 _a9781351042147
037 _aEBOOK
040 _aCRL
040 _beng
040 _cCRL
041 _2eng
041 _aeng
084 _qCRL
100 _aKun’ichi Miyazawa; Yuichi Ochiai; Masaru Tachibana; Tokushi Kizuka; Shigeo Nakamura
_91153989
245 0 _aFullerene Nanowhiskers
260 _bTaylor and Francis
260 _c2019
365 _a
365 _b240
856 _uhttp://www.taylorfrancis.com/books/9781351042147
942 _cEBOOK
999 _c1744734
_d1744734